Radon gas (Record no. 92260)

MARC details
000 -LEADER
fixed length control field 00888cam a2200241 4500
001 - CONTROL NUMBER
control field ##B2101
008 - FIXED-LENGTH DATA ELEMENTS--GENERAL INFORMATION
fixed length control field 090401t1988 xxu||||| |||| 00| 0 eng d
035 ## - SYSTEM CONTROL NUMBER
System control number (Sirsi) u48010
041 0# - LANGUAGE CODE
Language code of text/sound track or separate title eng
050 04 - LIBRARY OF CONGRESS CALL NUMBER
Classification number 615.925756 $2 18
100 1# - MAIN ENTRY--PERSONAL NAME
Personal name Ditta, Tahir
245 00 - TITLE STATEMENT
Title Radon gas
260 ## - PUBLICATION, DISTRIBUTION, ETC.
Place of publication, distribution, etc. [S.l.]
Name of publisher, distributor, etc. [s.n.]
Date of publication, distribution, etc. 1988
300 ## - PHYSICAL DESCRIPTION
Extent 80
Type of unit leaves
Other physical details ill., maps
Dimensions 30cm.
350 ## - PRICE (NR) (BK AM CF MU VM SE) [OBSOLETE]
Price 48
490 ## - SERIES STATEMENT
Series statement RICS Junior Organisation Prize Papers
505 2# - FORMATTED CONTENTS NOTE
Formatted contents note Radon in America -- Radon in the United Kingdom -- Limitation measures for the United Kingdom -- Recommendations and conclusions
520 ## - SUMMARY, ETC.
Summary, etc. This report, the winner of the Library Prize in the Junior Organisation Prize Papers Competition 1988, aims to indicate the health risks imposed by Radon. References and bibliography.
650 24 - SUBJECT ADDED ENTRY--TOPICAL TERM
Topical term or geographic name entry element RADON
690 ## - LOCAL SUBJECT ADDED ENTRY--TOPICAL TERM (OCLC, RLIN)
Topical term or geographic name as entry element BUILT ENVIRONMENT-BUILDING PATHOLOGY
942 ## - ADDED ENTRY ELEMENTS (KOHA)
Suppress in OPAC 0
948 ## - LOCAL PROCESSING INFORMATION (OCLC); SERIES PART DESIGNATOR (RLIN)
c (OCLC) 04/03/1997
Holdings
Withdrawn status Lost status Source of classification or shelving scheme Damaged status Not for loan Home library Current library Shelving location Date acquired Cost, normal purchase price Total Checkouts Full call number Barcode Date last seen Copy number Cost, replacement price Price effective from Koha item type
    Dewey Decimal Classification     London London RICS Boxes 14/09/1999 48.00   RICS 1988/77 30004351 06/08/2019 1 48.00 06/08/2019 Archive
    Dewey Decimal Classification     London London RICS Boxes 14/09/1999 48.00   RICS 1988/77 30004343 06/08/2019 2 48.00 06/08/2019 Book